| 000 | 00353nam a2200133Ia 4500 | ||
|---|---|---|---|
| 008 | 210210b1980 xxu||||| |||| 00| 0 eng d | ||
| 082 | _a291 EMPE | ||
| 100 | _aEMPRAYIL (Thomas). | ||
| 245 | _aEmerging theology of religions. | ||
| 260 |
_aRewa. _bVincentian Publications., _c1980 |
||
| 300 | _a212 | ||
| 690 | _aComparative Religion | ||
| 906 | _aSG03300 | ||
| 999 |
_c113955 _d113955 |
||